<?xml version="1.0" encoding="UTF-8"?>
<marc:record xmlns:marc="http://www.loc.gov/MARC21/slim">
   <marc:leader>00000nam a2200000 a 4500</marc:leader>
   <marc:datafield ind1="1" ind2=" " tag="100">
      <marc:subfield code="a">Bellinger, Joseph Erasmus</marc:subfield>
   </marc:datafield>
   <marc:datafield ind1="1" ind2=" " tag="100">
      <marc:subfield code="a">Herz, Josephus</marc:subfield>
   </marc:datafield>
   <marc:datafield ind1="1" ind2=" " tag="100">
      <marc:subfield code="a">Herz, Joannes</marc:subfield>
   </marc:datafield>
   <marc:datafield ind1=" " ind2="1" tag="264">
      <marc:subfield code="c">1771</marc:subfield>
   </marc:datafield>
   <marc:datafield ind1="1" ind2=" " tag="520">
      <marc:subfield code="a">Kupferstich von I. E. Belling. [Joseph Erasmus Belling] Cath. Sc. A. V. am Titelbl. http://zentralbibliothek.kapuziner.at/kupferstiche/provinzbibliothek/IMG_1983.jpg, Verzierungen im Text, brauner Halbledereinband, braun-schwarz gemusterte Buchdeckel aus Pappe, Buchrücken mit 5 Bünden, fleuralen Goldverzierungen und rotem und braunem Titelschild "La Roche Lobreden" "I Theil", rot punktierter Blattschnitt</marc:subfield>
   </marc:datafield>
   <marc:datafield ind1=" " ind2=" " tag="041">
      <marc:subfield code="a">ger</marc:subfield>
   </marc:datafield>
   <marc:datafield ind1=" " ind2=" " tag="500">
      <marc:subfield code="a">In Fraktur</marc:subfield>
   </marc:datafield>
   <marc:datafield ind1="0" ind2=" " tag="490">
      <marc:subfield code="v">1.</marc:subfield>
   </marc:datafield>
   <marc:datafield ind1=" " ind2=" " tag="300">
      <marc:subfield code="a">[2] Bl., 476 S.</marc:subfield>
   </marc:datafield>
</marc:record>
